000 01276nam0a22003011 4500
001 rc\2282667
005 20260406152313.0
035 _a(NLR Aleph) 006561777
090 _a6851268
_c6851268
100 _a20110829d1976 |||y0rusy50 ca
101 0 _arus
102 _aRU
105 _aa d |||||
200 1 _aАвиационно-химические работы
_eНауч.-техн. реф. сборник
_f[Науч. ред. к. э. н. И.Е. Рязанов]
_gМ-во гражд. авиации СССР. Центр. науч.-техн. информации гражд. авиации
210 _aМосква
_cЦНТИГА
_d1976
215 _a58 с.
_cил.
_d20
225 1 _aРеф. информация
320 _aСписки лит. в конце статей
606 _aАвиационно-механические работы
_jРефераты
_2psbo
686 _aП078.1я46
_2rubbk
712 0 2 _aЦентр научно-технической информации гражданской авиации
_cМосква
_9351157
_3RU\NLR\AUTH\889927771
801 0 _aRU
_bNLR
_gpsbo
801 1 _aRU
_bELAR
_2rusmarc
852 _aNLR
_j77-4/7750
899 _aRuMoRGB
_jБ 76-56/3664
899 _aRuMoRGB
_jБ 76-56/3665
942 _cBOOK
980 _aNB